| 000 | 00000nam##2200000za#4500 |
| 001 | 9.642511 |
| 003 | CaOODSP |
| 005 | 20231102100625 |
| 007 | cr ||||||||||| |
| 008 | 150407|2006||||xxc|||||o f|0| 0 fre|d |
| 040 | |aCaOODSP|bfre |
| 043 | |an-cn--- |
| 086 | 1 |aD74-11/2006F-PDF |
| 110 | 2 |aBureau de l'ombudsman de la Défense nationale et des Forces canadiennes. |
| 245 | 10|aObjectifs de recrutement - réalités canadiennes : |h[ressource électronique]|bexamen du système de recrutement des Forces canadiennes - de l'attraction à l'enrôlement / |c[par] Yves Côté. |
| 246 | 1 |aRapport spécial au ministre de la Défense nationale |
| 260 | |aOttawa - Ontario : |bBureau de l'ombudsman de la Défense nationale et des Forces canadiennes |cJuin 2006. |
| 300 | |a60p. |
| 500 | |aPlaignant: Christian McEachern. |
| 590 | |a13-23-Supp|b2013-10-08 |
| 691 | 07|aArmée|2gcpds |
| 691 | 07|aRecrutement|2gcpds |
| 775 | 08|tThe Canadian face behind the recruiting targets : |w(CaOODSP)9.698504 |
| 856 | 40|ahttp://publications.gc.ca|qPDF|s954 Ko|uhttps://publications.gc.ca/collections/collection_2013/dn-nd/D74-11-2006-fra.pdf |